Classical Dances of India/ (Record no. 205488)

MARC details
000 -LEADER
fixed length control field 00570nam a22001937a 4500
005 - DATE AND TIME OF LATEST TRANSACTION
control field 20240903123629.0
010 ## - LCCN (DPL NO)
LC control number ENG-141574
020 ## - INTERNATIONAL STANDARD BOOK NUMBER
Terms of availability 750.00
International Standard Book Number 9788192557013
035 ## - SYSTEM CONTROL NUMBER
System control number EN-125106
037 ## - SOURCE OF ACQUISITION
Source of stock number/acquisition DBAD/PUB
082 ## - DEWEY DECIMAL CLASSIFICATION NUMBER
Classification number 791.31954
Item number 1
100 ## - MAIN ENTRY--PERSONAL NAME
Personal name Gupta,Jyoti
245 ## - TITLE STATEMENT
Title Classical Dances of India/
Statement of responsibility, etc By Gupta jyoti
250 ## - EDITION STATEMENT
Edition statement 1
260 ## - PUBLICATION, DISTRIBUTION, ETC. (IMPRINT)
Place of publication, distribution, etc Allahbad (prayagraj)
Name of publisher, distributor, etc Tanmay Books
Date of publication, distribution, etc 2017
270 ## - ADDRESS
City Allahbad (Prayagraj)
Address 5-A/8, Khusro Bagh Road
Postal code 211001
300 ## - PHYSICAL DESCRIPTION
Extent 234p.
Dimensions 20cm(pbk)
942 ## - ADDED ENTRY ELEMENTS (KOHA)
Source of classification or shelving scheme Dewey Decimal Classification
Item type English Books
Classification part 791.31954
Call number suffix GUP
Edition 2107
Holdings
Withdrawn status Lost status Not for loan Collection code Home library Current library Date acquired Source of acquisition Cost, normal purchase price Full call number Barcode Copy number Cost, replacement price Koha item type
      Non-fiction Shahdara Branch Shahdara Branch 03/09/2024 DBAD 750.00 791.31954 GUP EN-125106 1 750.00 English Books

© Delhi Public Library
Hit Counter
free hit counter